Estudios de mercadotecnia / Philip Kotler (Registro nro. 23928)
[ vista simple ]
| 000 -LÍDER | |
|---|---|
| fixed length control field | 00345nam a2200121 4500 |
| 082 ## - NUMERO DE CLASIFICACION DECIMAL DEWEY | |
| Número de Clasificación | 658.835 K254e |
| 100 ## - ASIENTO PRINCIPAL--NOMBRE PERSONAL | |
| Nombre personal | Kotler, Philip |
| 245 ## - TÍTULO | |
| Título | Estudios de mercadotecnia / Philip Kotler |
| 260 ## - PUBLICACIÓN, DISTRIBUCIÓN, ETC. (PIE DE IMPRENTA) | |
| Lugar de publicación, distribución, etc. | Mexico : Diana |
| 300 ## - DESCRIPCIÓN FÍSICA | |
| Extensión | 581p. / 23 cm. |
| 650 ## - ASIENTO SECUNDARIO DE MATERIA - TERMINO TEMÁTICO | |
| Término temático o nombre geográfico como elemento de entrada | 1. ESTUDIOS DE MERCADOTECNIA \ 2. ORGANIZACION DEL MERCADEO |
| 700 ## - ASIENTO SECUNDARIO - NOMBRE PERSONAL | |
| Nombre personal | I. Cox, Keith K. |
| No. biblioteca | No. biblioteca | Número de clasificación | Código de barras/Número de adquisición | Número de copia | Tipo de material |
|---|---|---|---|---|---|
| LUIS G. INCLAN | LUIS G. INCLAN | 658.835 K254e | 7267 | 2 | Libros |
| LUIS G. INCLAN | LUIS G. INCLAN | 658.835 K254e | 7264 | 1 | Libros |
